LDR 01121naa#a2200169#i#450# 001 RU\\bibl\126787 005 20260701054615.3 011 ## _a1815-588X 100 ## _a20260630b2026####ek#y0rusy0150####ca 102 ## _aRU 200 1# _aСравнительный анализ технологий воздушного, мобильного и наземного лазерного сканирования для диагностики железнодорожного пути: критерии выбора на основе оценки точности, производительности и эксплуатационных ограничений _eЖурнальная статья 210 1# _aСанкт-Петербург _cФГБОУ ВО "Петербургский государственный университет путей сообщения Императора Александра I" _d2026 215 ## _a9 с. 608 ## _aЖурнальная статья _2local 675 ## _aОсмотр и контроль пути. 625.171 _z 700 #1 _aЧеснович _gФедор Владимирович 856 4# _aitt-pgups.ru _u